| Registos Bibliográficos associados ao registo de autoridade |
|
Etiqueta de registo: 00000nam 2200025 450 001 2158734 003 http://id.bnportugal.gov.pt/bib/catbnp/2158734 010 ## $a978-2-85355-127-4 100 ## $a20240304d2023 m y0pory01030103ba 101 0# $afre 102 ## $aFR 105 ## $aa z 000yy 106 ## $ar 200 1# $aArtistes et intellectuelles portugaises en France$eitinéraires multiples$fdir. Maria Araújo da Silva, Fernando Curopos 210 #9 $aParis$cÉditions Hispaniques,$dD.L. 2023 215 ## $a234 p.$cil.$d24 cm 225 2# $aHomotextualités 675 ## $a821.134.3-055.2A/Z"19/20".09(042)$vBN$zpor$31857104 675 ## $a7-055.2A/Z(=1:469)(44)"19/20"(042)$vBN$zpor$31909051 675 ## $a316.72-055.2(=1:469)(44)"19/20(042)$vBN$zpor$31909046 702 #1 $aSilva,$bMaria Araújo da$4300$31908971 702 #1 $aCuropos,$bFernando$4300$31675462 801 #0 $aPT$bBN$gRPC 966 ## $lBN$mFGMON$sL. 169728 V.$x3 971 ## $cmsebas$d20240304 972 ## $e0$z0$d20240307$vasantos 973 ## $cigoulao$d20240304
Etiqueta de registo: 00254nam 2200025 450 001 2163200 003 http://id.bnportugal.gov.pt/bib/catbnp/2163200 010 ## $a9782853550949 100 ## $a20240408d2017 k y0pory01030103ba 101 0# $afre$apor 102 ## $aFR 105 ## $aa z 000yy 106 ## $ar 200 1# $aParis, Mário de Sá-Carneiro et les autres$fed. Maria Araújo da Silva, Fernando Curopos 210 #9 $aParis$cÉditions Hispaniques,$d2017 215 ## $a219, [1] p.$cil.$d24 cm 225 2# $aLittérature lusophone$x2493-0598 675 ## $a821.134.3-1Sá Carneiro, Mário de.09(042)$vBN$zpor$31912793 675 ## $a821.134.3A/Z"19/20".09(042)$vBN$zpor$31333346 702 #1 $aSilva,$bMaria Araújo da$4340$31908971 702 #1 $aCuropos,$bFernando$4340$31675462 801 #0 $aPT$bBN$gRPC 966 ## $lBN$mFGMON$sL. 170332 V.$x3 971 ## $casantos$d20240408 972 ## $e0$z0$d20240412$vasantos 973 ## $cplambin$d20240409
Etiqueta de registo: 00000nam 2200025 450 001 2228191 003 http://id.bnportugal.gov.pt/bib/catbnp/2228191 010 ## $a978-2-85355-127-4 100 ## $a20251007d2023 m y0pory01030103ba 101 0# $apor 102 ## $aFR 105 ## $aa z 000yy 106 ## $ar 200 1# $aArtistes et intellectuelles portugaises en France$eitinéraires multiples$fdir. Maria Araújo da Silva, Fernando Curopos 210 #9 $aParis$cEditions Hispaniques,$dD.L. 2023 215 ## $a234 p.$d24 cm 702 #1 $aSilva,$bMaria Araújo da$4300$31908971 702 #1 $aCuropos,$bFernando$4300$31675462 801 #0 $aPT$bBN$gRPC 966 ## $lBN$mFGMON$pARAG 971 ## $cisantos$d20251111
Etiqueta de registo: 00254nam 2200025 450 001 2283404 003 http://id.bnportugal.gov.pt/bib/catbnp/2283404 010 ## $a978-972-27-3360-1 021 ## $aPT$b559322/26 100 ## $a20260401d2026 m y0pory01030103ba 101 0# $apor 102 ## $aPT 105 ## $ay z 000ay 106 ## $ar 200 1# $a A personagem ;$aNoturno em Macau$fed. e pref. Maria Araújo da Silva$gcoord. Isabel Cristina Pinto Mateus, José Cândido de Oliveira Martins 205 ## $a1ª ed 210 #9 $aLisboa$cImprensa Nacional,$d2026 215 ## $a314 p.$d21 cm 225 2# $aObras completas de Maria Ondina Braga$v8 517 1# $aNoturno em Macau 675 ## $a821.134.3-31"19"$vBN$zpor$3298396 700 #1 $aBraga,$bMaria Ondina,$f1922-2003$316467 702 #1 $aSilva,$bMaria Araújo da$4080$31908971 702 #1 $aMateus,$bIsabel Cristina $4340$3408816 702 #1 $aMartins,$bJ. Cândido,$f1965-$4340$3647608 801 #0 $aPT$bBN$gRPC 856 41 $uhttp://rnod.bnportugal.gov.pt/ImagesBN/winlibimg.aspx?skey=&doc=2283404&img=221741&save=true 966 ## $lBN$mFGMON$sL. 181597 V.$x1 966 ## $lBN$mFGMON$sL. 181597 V.-D$x1 971 ## $corlando$d20260401 973 ## $cigoulao$d20260424
|
|
|